00000000cam 2200000zi 4500
0019.958638
003CaOODSP
00520260327082830
006m     o  d f      
007cr cn|||||||||
008251230e202602##oncb    ob   f000 0 eng d
020 |a9780660978505
040 |aCaOODSP|beng|erda|cCaOODSP
043 |an-cn---
0861 |aP29-003-005-2026E-PDF
24500|aAutomotive gasoline.
250 |a[February 2026 edition].
264 1|aOttawa, Ontario : |bCanadian General Standards Board : |bStandards Council of Canada, |cFebruary 2026.
264 4|c©2026
300 |a1 online resource (32 pages) : |bmaps.
336 |atext|btxt|2rdacontent
337 |acomputer|bc|2rdamedia
338 |aonline resource|bcr|2rdacarrier
4901 |aNational standard of Canada ; |vCAN/CGSB-3.5-2026
500 |aThe publication file in PDF format was replaced on 26-03-2026 as requested by the Canadian General Standards Board.
500 |a"Supersedes CAN/CGSB-3.5-2021, Amendment No. 1, September 2022, Corrigendum No. 1 August 2023."
500 |aIssued also in French under title: Essence automobile.
500 |aReplaced with corrected version at the publisher's request, March 27, 2026.
504 |aIncludes bibliographical references (pages 26-28).
520 |a"This National Standard of Canada applies to three types of gasoline to which no lead or phosphorus compounds have been added"--Scope, page 1.
650 0|aGasoline|xStandards|zCanada.
650 0|aGasoline industry|xStandards|zCanada.
650 0|aMotor fuels|xStandards|zCanada.
7102 |aCanadian General Standards Board, |eissuing body.
7102 |aStandards Council of Canada, |eissuing body.
77508|tEssence automobile.|w(CaOODSP)9.958637
795 |tAutomotive gasoline.|b[August 2023 edition]|w(CaOODSP)9.915664
830#0|aNational standard of Canada ;|vCAN/CGSB-3.5-2026.|w(CaOODSP)9.507848
85640|qPDF|s1.40 MB|uhttps://publications.gc.ca/collections/collection_2026/ongc-cgsb/P29-003-005-2026-eng.pdf
986 |aICS 75.160.20